000
00302nam a2200133Ia 4500
005
20251222144833.0
008
251222s9999||||xx |||||||||||||| ||spa||
020
_a
3-8331-1485-1
082
_a
722.7/H56
100
_a
Hintzen Bohler, Brigitte
245
0
_a
Roma:
264
_b
KONEMANN
942
_c
LIB
999
_c
20946
_d
20946